000 00449nab a2200145Ia 4500
003 ES-SlBCS
005 20210601125241.0
008 140529s1980 xxu||||| |||| 00| 0 eng d
041 _aeng
100 1 _aParry, Richard D.
_9155975
245 0 0 _aRyle's Theory of Action in The Concept of Mind
_c Richard D. Parry
650 0 4 _aRyle
_9155976
773 0 _tPhilosophy and Phenomenological Research
_gvol. 40, 1980, págs. 379-392
_wRev1411
942 _cAR
999 _c527254
_d527254